000 00207nam a2200097Ia 4500
008 190216s9999||||xx |||||||||||||| ||und||
100 _aShankara Kurup G
245 0 _aOdakuzhal
260 _bNull
942 _cBK
999 _c24484
_d24484